[Event "Rohde op 07th"]
[Site "Sautron"]
[Date "2007.10.29"]
[Round "3"]
[White "Jaulin, Philippe"]
[Black "Menard, Marie"]
[Result "1-0"]
[WhiteElo "2141"]
[BlackElo "1821"]
[PlyCount "41"]
[EventDate "2007.10.27"]
[EventType "swiss"]
[EventRounds "9"]
[EventCountry "FRA"]
[SourceTitle "EXT 2008"]
[Source "ChessBase"]
[SourceDate "2007.11.25"]
[SourceVersion "1"]
[SourceVersionDate "2007.11.25"]
[SourceQuality "1"]

1. e4 c5 2. c3 d5 3. exd5 Qxd5 4. d4 Nc6 5. Nf3 cxd4 6. cxd4 e5 7. Nc3 Bb4 8. Bd2 Bxc3 9. Bxc3 e4 10. Ne5 Nxe5 11. dxe5 Ne7 12. Qa4+ Bd7 13. Qa3 Nc6 14. Rd1 Qe6 15. Qc5 b6 16. Qe3 Qf5 17. Bc4 0-0 18. 0-0 Rad8 19. Bd5 Rfe8 20. Bxe4 Qh5 21. Rxd7 1-0

[Event "BCF-chT3 0607 (4NCL)"]
[Site "Sunningdale"]
[Date "2007.05.07"]
[Round "11.68"]
[White "Kirby, Peter J"]
[Black "Menard, Marie"]
[Result "1/2-1/2"]
[WhiteElo "2056"]
[BlackElo "1824"]
[PlyCount "77"]
[EventDate "2006.09.16"]
[EventType "team"]
[EventRounds "11"]
[EventCountry "ENG"]
[SourceTitle "EXT 2008"]
[Source "ChessBase"]
[SourceDate "2007.11.25"]
[SourceVersion "1"]
[SourceVersionDate "2007.11.25"]
[SourceQuality "1"]
[WhiteTeam "Cheddleton"]
[BlackTeam "Bristol II"]
[WhiteTeamCountry "ENG"]
[BlackTeamCountry "ENG"]

1. e4 c5 2. Nf3 d6 3. Bb5+ Bd7 4. Bxd7+ Qxd7 5. c4 Nc6 6. d4 cxd4 7. Nxd4 Nf6 8. Nc3 e6 9. 0-0 Be7 10. b3 0-0 11. Bb2 Rac8 12. Qd2 Rfd8 13. Rad1 a6 14. a4 Na5 15. Nce2 Qc7 16. Bc3 Nc6 17. Qd3 Ne5 18. Qb1 d5 19. exd5 exd5 20. Nf5 dxc4 21. Neg3 Bf8 22. bxc4 Nfd7 23. Qa1 f6 24. Ne3 Nxc4 25. Nd5 Qc6 26. Rfe1 Nde5 27. Bxe5 Rxd5 28. Rxd5 Qxd5 29. Bf4 Bd6 30. Rd1 Qc6 31. Bxd6 Nxd6 32. Qa2+ Qc4 33. Qa3 Ne4 34. Qe7 Nxg3 35. hxg3 Qf7 36. Rd8+ Rxd8 37. Qxd8+ Qf8 38. Qd5+ Qf7 39. Qd8+ 1/2-1/2

[Event "FRA-chT4 0506"]
[Site "France"]
[Date "2005.10.02"]
[Round "1"]
[White "Menard, Marie"]
[Black "Fretel, Didier"]
[Result "1/2-1/2"]
[WhiteElo "1810"]
[BlackElo "1820"]
[PlyCount "89"]
[EventDate "2005.10.02"]
[EventType "team"]
[EventRounds "9"]
[EventCountry "FRA"]
[SourceTitle "EXT 2007"]
[Source "ChessBase"]
[SourceDate "2006.11.23"]
[SourceVersion "1"]
[SourceVersionDate "2006.11.23"]
[SourceQuality "1"]

1. e4 e6 2. d4 d5 3. Nc3 Bb4 4. e5 c5 5. a3 cxd4 6. Qxd4 Nc6 7. Bb5 Bf8 8. Nf3 Bd7 9. Qd3 Qc7 10. 0-0 Nge7 11. Re1 Ng6 12. Bxc6 Bxc6 13. h4 0-0-0 14. h5 Ne7 15. Nd4 Ng8 16. Ncb5 Bxb5 17. Nxb5 Qb6 18. b4 a6 19. Nd4 Rd7 20. Be3 Qc7 21. f4 g6 22. Rac1 Qc4 23. Qd1 Ne7 24. Nb3 Nf5 25. Qd2 Bh6 26. Na5 Qb5 27. c4 dxc4 28. Rxc4+ Qxc4 29. Nxc4 Rxd2 30. Bxd2 gxh5 31. Rc1 Kb8 32. Kf2 Rd8 33. g3 b5 34. Nd6 Nxd6 35. exd6 Rxd6 36. Bc3 Rc6 37. Be5+ Kb7 38. Rh1 Bf8 39. Rxh5 h6 40. Kf3 Rc2 41. Rh1 Kc6 42. Rd1 Be7 43. Bg7 f6 44. Rd3 h5 45. Re3 1/2-1/2

[Event "FRA-ch U18 Girls"]
[Site "Le Grand Bornand"]
[Date "2003.??.??"]
[Round "1.6"]
[White "Menard, Marie"]
[Black "Levacic, Melissa"]
[Result "0-1"]
[WhiteElo "1610"]
[BlackElo "1988"]
[PlyCount "62"]
[EventDate "2003.??.??"]
[EventType "swiss"]
[EventRounds "9"]
[EventCountry "FRA"]
[SourceTitle "EXT 2004"]
[Source "ChessBase"]
[SourceDate "2003.11.25"]
[SourceVersion "1"]
[SourceVersionDate "2003.11.25"]
[SourceQuality "1"]

1. e4 e5 2. Nf3 Nc6 3. Bc4 Bc5 4. c3 Nf6 5. d4 exd4 6. cxd4 Bb4+ 7. Nc3 Nxe4 8. 0-0 Bxc3 9. bxc3 d5 10. Bb3 0-0 11. c4 Be6 12. cxd5 Bxd5 13. Bc2 Qf6 14. Bb2 Nb4 15. Bb1 Rfe8 16. a3 Nc6 17. Bd3 Qf4 18. Qc2 Qg4 19. Ne1 Ng5 20. f3 Qf4 21. Qf2 Na5 22. Bc1 Qf6 23. h4 Ne6 24. Nc2 Nb3 25. Rb1 Nbxd4 26. Nxd4 Qxd4 27. Qxd4 Nxd4 28. Bf4 c5 29. Rfc1 Rac8 30. Bc4 Bxc4 31. Rxc4 b5 0-1